Effect of antibiotics on diarrihea of suckling piglets at try bunthim farm in kampong chhnang province, ប្រសិទ្ធភាពអង់ទីប៊ីយ៉ូទិចទៅលើជំងឺរាកកូនជ្រុូកអំឡុងពេលបំបៅនៅក្នុងកសិដ្ឋាន លោក ទ្រី ប៊ុនធីម ខេត្តកំពង់ឆ្នាំង (Record no. 10643)

000 -LEADER
fixed length control field 00712nam a22001337a 4500
040 ## - CATALOGING SOURCE
Transcribing agency RUA
082 ## - DEWEY DECIMAL CLASSIFICATION NUMBER
Classification number VEM SOR 2015 B525 Or.1
100 ## - MAIN ENTRY--AUTHOR NAME
Personal name SORN SOTHEA; ស៊ន សុធា
245 ## - TITLE STATEMENT
Title Effect of antibiotics on diarrihea of suckling piglets at try bunthim farm in kampong chhnang province, ប្រសិទ្ធភាពអង់ទីប៊ីយ៉ូទិចទៅលើជំងឺរាកកូនជ្រុូកអំឡុងពេលបំបៅនៅក្នុងកសិដ្ឋាន លោក ទ្រី ប៊ុនធីម ខេត្តកំពង់ឆ្នាំង
260 ## - PUBLICATION, DISTRIBUTION, ETC. (IMPRINT)
Place of publication RUA
Name of publisher SOR
Year of publication 2015
300 ## - PHYSICAL DESCRIPTION
Number of Pages x,45p.
Other physical details ill.
Dimensions 29cm.
856 ## - ELECTRONIC LOCATION AND ACCESS
Uniform Resource Identifier SORN SOTHEA
942 ## - ADDED ENTRY ELEMENTS (KOHA)
Koha item type AED
952 ## - LOCATION AND ITEM INFORMATION (KOHA)
Withdrawn status [LOCAL, KOHA] 0
952 ## - LOCATION AND ITEM INFORMATION (KOHA)
Withdrawn status [LOCAL, KOHA] 0
952 ## - LOCATION AND ITEM INFORMATION (KOHA)
Withdrawn status [LOCAL, KOHA] 0
952 ## - LOCATION AND ITEM INFORMATION (KOHA)
Withdrawn status [LOCAL, KOHA] 0
952 ## - LOCATION AND ITEM INFORMATION (KOHA)
Withdrawn status [LOCAL, KOHA] 0
952 ## - LOCATION AND ITEM INFORMATION (KOHA)
Withdrawn status [LOCAL, KOHA] 0
952 ## - LOCATION AND ITEM INFORMATION (KOHA)
Withdrawn status [LOCAL, KOHA] 0
952 ## - LOCATION AND ITEM INFORMATION (KOHA)
Withdrawn status [LOCAL, KOHA] 0
952 ## - LOCATION AND ITEM INFORMATION (KOHA)
Withdrawn status [LOCAL, KOHA] 0
952 ## - LOCATION AND ITEM INFORMATION (KOHA)
Withdrawn status [LOCAL, KOHA] 0
952 ## - LOCATION AND ITEM INFORMATION (KOHA)
Withdrawn status [LOCAL, KOHA] 0
Holdings
Permanent Location Date acquired Koha item type Lost status Shelving location Barcode Current Location Full call number
Library Block B2016-11-01AED B525A00866Library Block BVEM SOR 2015 B525 Or.1
Library Block B2016-11-01AED B525A01848Library Block BVEM SOR 2015 B525 Or.2
Library Block B2016-11-01AED B525A01851Library Block BVEM SOR 2015 B525 Or.3
Library Block B2016-11-01AED B525A01926Library Block BVEM SOR 2015 B525 Or.4
Library Block B2016-11-01AED B525A00975Library Block BVEM SOR 2015 B525 Or.5
Library Block B2016-11-01AED B525A01072Library Block BVEM SOR 2015 B525 Or.6
Library Block B2016-11-01AED B525A00922Library Block BVEM SOR 2015 B525 Or.7
Library Block B2016-11-01AED B525A02419Library Block BVEM SOR 2015 B525 Or.8
Library Block B2021-12-14AED B676A066484Library Block BVEM SOR 2015 B676 Or.1
Library Block B2021-12-14AED B676A066388Library Block BVEM SOR 2015 B676 Or.1
Library Block B2021-12-14AED B676A066502Library Block BVEM SOR 2015 B676 Or.1
មជ្ឈមណ្ឌលឯការនៃសាកលវិទ្យាល័យភូមិន្ទកសិកម្មចំការដូង

Powered by Koha